000 00417nam a22001697a 4500
008 180625b xxu||||| |||| 00| f tur d
020 _a9750505386
041 _atur
050 _aPL248.A548
100 _aAnar, İhsan Oktay
_91180
245 _a Suskunlar
250 _a1.Baskı
260 _aİstanbul
_bİletişim Yayınları
_c2007
300 _a269 Sayfa
650 0 _9145
_aTürk Edebiyatı
942 _2lcc
_cBK
999 _c2251
_d2211